Το πρώτο μου σπίτι...το σπίτι που σπούδασα : σημασιοδοτήσεις του οικιακού χώρου από φοιτητές στην Μυτιλήνη : μεταπτυχιακή διατριβή
Αποθηκεύτηκε σε:
| Κύριος συγγραφέας: | |
|---|---|
| Συγγραφή απο Οργανισμό/Αρχή: | |
| Άλλοι συγγραφείς: | |
| Μορφή: | Thesis Βιβλίο |
| Γλώσσα: | Greek |
| Δημοσίευση: |
2005.
|
| Θέματα: | |
| Διαθέσιμο Online: | http://hdl.handle.net/11610/14516 |
| Ετικέτες: |
Προσθήκη ετικέτας
Δεν υπάρχουν, Καταχωρήστε ετικέτα πρώτοι!
|
MARC
| LEADER | 00000cam a2200000 i 4500 | ||
|---|---|---|---|
| 001 | 1/24420 | ||
| 008 | 060216s2005 gre d | ||
| 035 | |l 10082667 | ||
| 040 | |a GR-MY-UA |b gre |e aacr | ||
| 041 | 0 | |a gre | |
| 082 | 0 | |a 306.43 |2 (22) | |
| 100 | 1 | |a Παπαντωνάκη, Νοέλ. | |
| 245 | 1 | 3 | |a Το πρώτο μου σπίτι...το σπίτι που σπούδασα : |b σημασιοδοτήσεις του οικιακού χώρου από φοιτητές στην Μυτιλήνη : μεταπτυχιακή διατριβή / |c Παπαντωνάκη Νοέλ ; υπεύθυνη καθηγήτρια Καντσά Βενετία. |
| 260 | |c 2005. | ||
| 300 | |a 109 σ. : |b εικ. ; |c 30 εκ. | ||
| 502 | |a Διατριβή (μεταπτυχιακή) - Πανεπιστήμιο Αιγαίου, Λέσβος, 2005. | ||
| 504 | |a Βιβλιογραφία: σ. 106-109. | ||
| 650 | 0 | |a College students |x Surveys |z Greece |z Mytilene (Lesbos) | |
| 650 | 0 | |a College students |z Greece |z Mytilene (Lesbos) |x Attitudes. | |
| 650 | 0 | 0 | |a College students |x Conduct of life. |
| 650 | 0 | 0 | |a College students |x Social life and customs. |
| 650 | 0 | 0 | |a Dissertations, Academic |z Greece. |
| 700 | 1 | |a Καντσά, Βενετία, |e dgsf | |
| 710 | 2 | |a Πανεπιστήμιο Αιγαίου. |b Σχολή Κοινωνικών Επιστημών. |b Τμήμα Κοινωνικής Ανθρωπολογίας και Ιστορίας. |b Πρόγραμμα Μεταπτυχιακών Σπουδών Κοινωνική και Ιστορική Ανθρωπολογία. | |
| 852 | |a INST |b LESVOS |c DIATR |e 20060216 |h 39 |p 005100034221 |q 005100034221 |t MTXE |y 23 | ||
| 852 | |a INST |b LESVOS |c DIATR |e 20060216 |h 40 |p 005100034202 |q 005100034202 |t MTXE |y 23 | ||
| 856 | |u http://hdl.handle.net/11610/14516 | ||
| 901 | |a BIBL1-2006-1 | ||
| 909 | |a Λ |b 121007 | ||
| 909 | |a Λ |b 121006 | ||
| 924 | |a ΠΑΠΑΝΤΩΝΑΚΗ |b ΝΟΕΛ |y ΛΕΣΒΟΣ |z 2005-06 | ||
| 970 | |a ΜΑΡΙΝΑΤΟΥ |b ΜΥΡΣΙΝΗ |z 2006/02/16 | ||